| 000 | 00586nam a22001577a 4500 | ||
|---|---|---|---|
| 003 | OSt | ||
| 005 | 20151203154040.0 | ||
| 008 | 151203b xxu||||| |||| 00| 0 eng d | ||
| 040 | _cRUA | ||
| 082 | _aFIS SUN 2009 B181 Or.1 | ||
| 100 |
_94233 _aSUN, MENGLY. |
||
| 245 | _aTilapia(oreochromus niloticus) seed production in pond and hapa, ការផលិតកូនត្រិទីឡាព្យានីឡូទីកាក្នុងស្រះ និងក្នុងហោប៉ា | ||
| 260 |
_aPhnom Penh _bRUA _c2009 |
||
| 300 |
_axii; 46p. _bill. _c29cm. |
||
| 942 |
_2ddc _cFIS |
||
| 999 |
_c3949 _d3949 |
||